| 000 | 00875nam a2200277 a 4500 | ||
|---|---|---|---|
| 001 | 000023937 | ||
| 003 | DO-SdBNP | ||
| 005 | 20230814123000.0 | ||
| 007 | 000023937 | ||
| 008 | 110117s2010 dr a 000 0 spa d | ||
| 020 | _a9789945068306 | ||
| 040 |
_aBPMSU _bspa _cBPMSU |
||
| 082 | 4 |
_aRD863.44 _bC216c 2010 _222 |
|
| 100 | 1 | _aCandelaria González, Sélvido | |
| 245 | 1 | 3 |
_aEl caballero Geremy / _cSélvido Candelaria González; ilustraciones Carlos Grant |
| 250 | _a2a. ed. | ||
| 260 |
_aSanto Domingo : _bSantuario, _c2010 |
||
| 300 |
_a48 p. : _bil. ; _c22 cm. |
||
| 500 | _3Incluye datos biográficos del autor en la contracubierta | ||
| 590 | _6Inventariado, 2023/VM | ||
| 650 | 4 | _aCuentos infantiles dominicanos | |
| 650 | 4 | _aLiteratura infantil dominicana | |
| 700 | 1 |
_aGrant, Carlos _eils. |
|
| 910 | _aVMateo V. Control de calidad (BPMSU) | ||
| 942 |
_2ddc _cBK |
||
| 999 |
_c7266 _d7266 |
||